000 00488pam a2200193 a 4500
020 _c
040 _aMedical College Libr
041 _aENG
_hENG
082 _a616.075
_bTRI
100 _aTripathy, A. C. .
245 _aDifferential Diagnosis /
_c
_hTextual Documents
260 _a :
_bParas Medical Publisher ,
_c1997.
300 _a120 ;
_c
365 _a150=00
653 _aMedical Science
930 _a1658
999 _c1657
_d1657